[Event "12th ECC Women"]
[Site "Kemer TUR"]
[Date "2007.10.09"]
[Round "7"]
[White "Savurko,A"]
[Black "Stevandic,D"]
[Result "1-0"]
[WhiteElo "2088"]
[BlackElo "2052"]
[EventDate "2007.10.03"]

1. d4 Nf6 2. c4 e6 3. Nc3 Bb4 4. Qc2 O-O 5. a3 Bxc3+ 6. Qxc3 d5 7. Bg5 Nbd7
8. e3 c6 9. Bd3 Ne4 10. Bxd8 Nxc3 11. Bh4 Ne4 12. Nf3 Ndf6 13. Ne5 g5 14.
Bg3 Nxg3 15. hxg3 Kg7 16. Ke2 h6 17. f4 Ne4 18. Bxe4 dxe4 19. c5 f6 20. Nc4
b5 21. Nd6 f5 22. fxg5 hxg5 23. Rh5 Rh8 24. Rxh8 Kxh8 25. Nf7+ Kg7 26. Nxg5
1-0

[Event "12th ECC Women"]
[Site "Kemer TUR"]
[Date "2007.10.09"]
[Round "7"]
[White "Sop,S"]
[Black "Bensdorp,L"]
[Result "1-0"]
[WhiteElo "1911"]
[BlackElo "2121"]
[EventDate "2007.10.03"]

1. c4 e5 2. g3 c6 3. d4 exd4 4. Qxd4 Nf6 5. Bg2 d5 6. cxd5 cxd5 7. Nf3 Nc6
8. Qd1 Bc5 9. O-O O-O 10. Bg5 Be6 11. Nc3 Be7 12. e3 h6 13. Bxf6 Bxf6 14.
Qd2 Qd7 15. Rac1 Rac8 16. Ne2 Rfd8 17. Nfd4 Qd6 18. Rfd1 a6 19. a3 Ne5 20.
Nf4 Nc4 21. Qe2 Qb6 22. Rb1 Rc7 23. Ndxe6 fxe6 24. Bh3 Rd6 25. Rdc1 Rcc6
26. Qh5 Qd8 27. a4 Bxb2 28. Rxc4 dxc4 29. Rxb2 c3 30. Rxb7 Rd7 31. Bxe6+
Rxe6 32. Nxe6 Qc8 33. Rxd7 Qxd7 34. Nd4 Qxa4 35. Qd5+ Kh8 36. Qd8+ Kh7 37.
Qc7 Qb4 38. Kg2 a5 39. Kh3 a4 40. Ne6 1-0

[Event "12th ECC Women"]
[Site "Kemer TUR"]
[Date "2007.10.09"]
[Round "7"]
[White "Van Weersel,A"]
[Black "Acarbay,Al"]
[Result "1-0"]
[WhiteElo "2174"]
[BlackElo "1865"]
[EventDate "2007.10.03"]

1. e4 c5 2. c4 Nc6 3. Ne2 Nf6 4. Nbc3 d6 5. d4 cxd4 6. Nxd4 g6 7. Be2 Bg7
8. Be3 O-O 9. O-O Nxd4 10. Bxd4 b6 11. f3 e6 12. Qd2 Bb7 13. Rad1 Rc8 14.
Bf2 Ba6 15. b3 Ne8 16. Na4 Qc7 17. Rc1 Rd8 18. Rfd1 Bb7 19. c5 bxc5 20.
Nxc5 Qb8 21. Qa5 Nf6 22. Nxb7 Qxb7 23. Rc7 Qa8 24. Rxa7 Qc6 25. Rc7 Qa8 26.
Qxa8 Rxa8 27. a4 Rfb8 28. Bb5 d5 29. Bc6 Rc8 30. Bxa8 Rxc7 31. a5 Bf8 32.
a6 dxe4 33. fxe4 Nd7 34. Bb7 1-0

[Event "12th ECC Women"]
[Site "Kemer TUR"]
[Date "2007.10.09"]
[Round "7"]
[White "Yanik,E"]
[Black "Bensdorp,M"]
[Result "0-1"]
[WhiteElo "2069"]
[BlackElo "2263"]
[EventDate "2007.10.03"]

1. d4 d5 2. Nf3 Nf6 3. Bf4 c6 4. e3 Qb6 5. b3 Bg4 6. Bd3 e6 7. h3 Bh5 8.
O-O Nbd7 9. Nbd2 Be7 10. c4 c5 11. Rb1 O-O 12. Qc2 Rac8 13. Qb2 cxd4 14.
exd4 dxc4 15. Nxc4 Qd8 16. Nd6 Bxd6 17. Bxd6 Re8 18. Be2 Ne4 19. Bb4 Qb6
20. Be1 Ndf6 21. Rd1 Nd5 22. Rd3 Nf4 23. Re3 Nxe2+ 24. Qxe2 Nf6 25. g4 Bg6
26. Rc3 Nd5 27. Rxc8 Rxc8 28. Bd2 Rc2 29. Qe5 Qc7 30. Qxc7 Nxc7 31. Rc1 Nb5
32. Kf1 Rxc1+ 33. Bxc1 Be4 34. Nd2 Bd3+ 35. Ke1 Nxd4 36. Bb2 Nc2+ 37. Kd1
Nb4 38. a3 Nd5 39. Bd4 a6 40. Nf3 Nf4 41. Ng1 g5 42. Bf6 h6 43. h4 gxh4 44.
Bxh4 f5 45. Kd2 Be4 46. Bg3 Ng6 47. f3 Bd5 48. b4 Kf7 49. Ke3 fxg4 50. fxg4
Kf6 51. Kd4 Kg5 52. Ke3 Kxg4 53. Kf2 h5 54. Ne2 h4 55. Bh2 h3 56. Bg3 e5
57. Nc3 Bc6 58. Nd1 Nf4 59. Ne3+ Kh5 60. Nc4 Kg5 0-1

[Event "12th ECC Women"]
[Site "Kemer TUR"]
[Date "2007.10.09"]
[Round "7"]
[White "Melamed,T"]
[Black "Klipper,R"]
[Result "1/2-1/2"]
[WhiteElo "2363"]
[BlackElo "2069"]
[EventDate "2007.10.03"]

1. e4 c5 2. Nf3 g6 3. c3 Bg7 4. Bc4 d6 5. O-O Nc6 6. d3 e6 7. Bb3 Nge7 8.
Re1 O-O 9. Nbd2 b5 10. Nf1 a5 11. a4 b4 12. d4 d5 13. exd5 exd5 14. cxb4 c4
15. b5 cxb3 16. bxc6 Nxc6 17. Qxb3 Nxd4 18. Nxd4 Bxd4 19. Be3 Bxe3 20. Nxe3
Be6 21. Rad1 d4 22. Qb5 Bd7 23. Qd5 dxe3 24. Qxd7 exf2+ 25. Kxf2 Qf6+ 26.
Kg1 Qxb2 27. Re7 Qb6+ 28. Qd4 Qxd4+ 29. Rxd4 Rfd8 30. Rf4 f5 31. Rc4 Re8
32. Rxe8+ Rxe8 33. Rc5 Ra8 34. Rc7 Re8 35. Rc5 Ra8 36. Rc7 1/2-1/2

[Event "12th ECC Women"]
[Site "Kemer TUR"]
[Date "2007.10.09"]
[Round "7"]
[White "Steil Antoni,F"]
[Black "Sharevich,A"]
[Result "0-1"]
[WhiteElo "2104"]
[BlackElo "2289"]
[EventDate "2007.10.03"]

1. e4 c5 2. Nc3 e6 3. g3 Nc6 4. Bg2 g6 5. d3 Bg7 6. Be3 d6 7. Qd2 Nd4 8.
Nd1 Ne7 9. c3 Ndc6 10. Bh6 O-O 11. h4 f6 12. Bxg7 Kxg7 13. f4 d5 14. Nf2 f5
15. e5 h5 16. d4 cxd4 17. cxd4 b6 18. Nf3 a5 19. a4 Ba6 20. Bf1 Bc4 21. Qc3
Nb4 22. Bxc4 dxc4 23. O-O Rc8 24. Rfc1 Ned5 25. Qe1 Rc6 26. Qe2 Qc7 27. Nd1
c3 28. bxc3 Nxc3 29. Nxc3 Rxc3 30. Rxc3 Qxc3 31. Rd1 Rc8 32. Qb5 Rc6 33.
Kg2 Qe3 34. Ng5 Qb3 35. Re1 Qd5+ 36. Kh3 Kf8 37. Rd1 Ke7 38. Qe2 Rc2 39.
Qf3 Qxf3 40. Nxf3 Nd5 41. Ne1 Ra2 42. Rc1 Rxa4 43. Rc8 Rxd4 44. Rh8 Kd7 45.
Rh7+ Ne7 46. Nf3 Rd3 47. Ng5 a4 48. Rh8 a3 49. Ra8 Nc6 50. Ra6 Na5 51. Ra7+
Kc6 52. Nxe6 a2 53. Rc7+ Kd5 0-1

[Event "12th ECC Women"]
[Site "Kemer TUR"]
[Date "2007.10.09"]
[Round "7"]
[White "Meseli,P"]
[Black "Dincok,B"]
[Result "1/2-1/2"]
[WhiteElo "1936"]
[BlackElo "1945"]
[EventDate "2007.10.03"]

1. f4 Nf6 2. Nf3 g6 3. d3 d5 4. g3 Bg7 5. Bg2 O-O 6. O-O c5 7. c3 Nc6 8. h3
c4 9. dxc4 Qb6+ 10. Kh2 dxc4 11. Nbd2 Rd8 12. Qe1 Qa6 13. e4 Nd7 14. Qe2
Na5 15. e5 Nc5 16. Nd4 Ne6 17. N2f3 Nxd4 18. Nxd4 Be6 19. b4 Rxd4 20. cxd4
Nb3 21. Rb1 Nxd4 22. Qf2 Nb5 23. g4 Rc8 24. Be3 c3 25. Ra1 Na3 26. Bc1 Nc4
27. a4 b5 28. a5 Nb6 29. Be3 Nd5 30. Bd4 1/2-1/2

[Event "12th ECC Women"]
[Site "Kemer TUR"]
[Date "2007.10.09"]
[Round "7"]
[White "Tikir,H"]
[Black "Dincel,M"]
[Result "0-1"]
[WhiteElo "1721"]
[BlackElo "1812"]
[EventDate "2007.10.03"]

1. e4 e6 2. d4 d5 3. Nc3 Nf6 4. Bg5 Bb4 5. e5 h6 6. Bd2 Bxc3 7. bxc3 Ne4 8.
Qg4 Kf8 9. Bd3 Nxd2 10. Kxd2 c5 11. h4 c4 12. Be2 Nc6 13. Rh3 Bd7 14. Nf3
b5 15. a3 a5 16. h5 Rb8 17. Nh4 Rg8 18. f4 b4 19. axb4 axb4 20. Qf3 Qb6 21.
Rd1 bxc3+ 22. Qxc3 Qxd4+ 23. Qxd4 Nxd4 24. Bf1 Ke7 25. Nf3 Nxc2 26. Kxc2
Ba4+ 27. Kc1 Bxd1 28. Kxd1 Rb1+ 29. Ke2 c3 30. Nd4 Rc8 31. Nc2 Rc1 32. Nb4
c2 33. Nd3 Ra1 34. Kf2 Rc3 35. Rh1 c1=Q 36. Nxc1 Rcxc1 37. g4 d4 38. g5 d3
39. Bxd3 Rxh1 40. gxh6 gxh6 0-1